[Event "Gorges op 18th"]
[Site "Gorges"]
[Date "2008.07.??"]
[Round "7"]
[White "Gallant, Aurelien"]
[Black "Vidal, Hugo"]
[Result "0-1"]
[WhiteElo "1891"]
[BlackElo "1729"]
[PlyCount "44"]
[EventDate "2008.07.??"]
[EventType "swiss"]
[EventRounds "7"]
[EventCountry "FRA"]
[SourceTitle "CBM 125 Extra"]
[Source "ChessBase"]
[SourceDate "2008.09.01"]
[SourceVersion "1"]
[SourceVersionDate "2008.09.01"]
[SourceQuality "1"]

1. e4 c5 2. Nf3 d6 3. d4 cxd4 4. Nxd4 Nf6 5. Nc3 a6 6. Bg5 e6 7. f4 Nbd7 8. Qf3 Qc7 9. 0-0-0 b5 10. Bd3 Be7 11. Rhe1 0-0 12. Bxf6 Nxf6 13. e5 dxe5 14. fxe5 Nd5 15. Nxd5 exd5 16. Nf5 Bxf5 17. Bxf5 g6 18. Rd3 Qa5 19. Rf1 Qxa2 20. Rb3 Rac8 21. Bxc8 Bg5+ 22. Kd1 Qb1+ 0-1

[Event "Gorges op 17th"]
[Site "Gorges"]
[Date "2007.??.??"]
[Round "4"]
[White "Vidal, Hugo"]
[Black "Gallant, Jeremy"]
[Result "1/2-1/2"]
[WhiteElo "1594"]
[BlackElo "1680"]
[PlyCount "52"]
[EventDate "2007.07.08"]
[EventType "swiss"]
[EventRounds "7"]
[EventCountry "FRA"]
[SourceTitle "CBM 119 Extra"]
[Source "ChessBase"]
[SourceDate "2007.09.04"]
[SourceVersion "1"]
[SourceVersionDate "2007.09.04"]
[SourceQuality "1"]

1. e4 c5 2. Nf3 d6 3. d4 cxd4 4. Nxd4 Nf6 5. Nc3 a6 6. f3 e6 7. Be3 Nbd7 8. Qd2 b5 9. g4 Nb6 10. h4 Bb7 11. 0-0-0 b4 12. Nb1 Nfd7 13. Bg5 Qc7 14. Re1 Rc8 15. Bd3 Ne5 16. Qe2 Nxd3+ 17. Qxd3 Na4 18. Nb3 Nc5 19. Nxc5 Qxc5 20. Be3 Qc6 21. Nd2 Be7 22. g5 a5 23. Nb3 Ba6 24. Qd2 a4 25. Na1 Qc4 26. Kb1 a3 1/2-1/2

[Event "FRA-chT4 0506"]
[Site "France"]
[Date "2005.04.12"]
[Round "4"]
[White "Iraqui, Moustafa"]
[Black "Vidal, Hugo"]
[Result "0-1"]
[WhiteElo "1299"]
[BlackElo "1640"]
[PlyCount "114"]
[EventDate "2005.10.02"]
[EventType "team-tourn"]
[EventRounds "9"]
[EventCountry "FRA"]
[SourceTitle "EXT 2007"]
[Source "ChessBase"]
[SourceDate "2006.11.23"]
[SourceVersion "1"]
[SourceVersionDate "2006.11.23"]
[SourceQuality "1"]

1. e4 e6 2. g3 c5 3. c3 Nc6 4. Nf3 d5 5. exd5 exd5 6. Qe2+ Be6 7. Bh3 Qe7 8. Bxe6 Qxe6 9. Qxe6+ fxe6 10. 0-0 Be7 11. Re1 Nd8 12. d4 b6 13. Bg5 Nf6 14. Na3 0-0 15. Nb5 h6 16. Bxf6 Rxf6 17. Kg2 a6 18. Na3 Nc6 19. Ne5 Nxe5 20. dxe5 Rf5 21. Nc2 Raf8 22. Re2 b5 23. f4 g5 24. Ne3 R5f7 25. f5 exf5 26. e6 Rg7 27. Nxd5 f4 28. Nxe7+ Rxe7 29. Rf1 Rf6 30. gxf4 gxf4 31. Rf3 Rg6+ 32. Kf2 c4 33. Rxf4 Rexe6 34. Rxe6 Rxe6 35. Rg4+ Kf7 36. Rg3 Kf6 37. h4 Rd6 38. Rf3+ Ke5 39. Ke2 Ke4 40. Re3+ Kf4 41. b3 cxb3 42. axb3 Rg6 43. Kf2 Rg2+ 44. Kxg2 Kxe3 45. c4 bxc4 46. bxc4 Kd4 47. c5 Kxc5 48. Kg3 a5 49. Kg4 a4 50. Kh5 a3 51. Kxh6 a2 52. h5 a1Q 53. Kg6 Qh8 54. h6 Kd6 55. h7 Ke6 56. Kh6 Kf5 57. Kh5 Qxh7# 0-1